| 000 | 01107cab a22002055a 4500 | ||
|---|---|---|---|
| 001 | L148779 | ||
| 008 | 091109e20091023xxkbdo f 000 0 eng d | ||
| 035 | _a(Sirsi) u148779 | ||
| 041 | 0 | _aeng | |
| 100 | 1 | _aWatson, Stuart | |
| 245 | 0 | 0 |
_aMarkets _bEast Midlands |
| 260 | _c2009 | ||
| 490 | 0 |
_aProperty Week _v75(43) 23 October 2009, 43-52(6) |
|
| 520 | _aNottingham City Council?s purchase of the former Capital One headquarters next to the city?s railway station will be the biggest East Midlands? office market transaction in seven years. Westfield?s proposed £700m Broadmarsh Centre retail redevelopment faces further long-term delay. North Northamptonshire?s housing development market has been provisionally allocated £60m from the Homes and Communities Agency?s Kickstart programme, the largest amount given to any UK area. Industrial letting activity is returning to the region, spurred on by favourable terms. Map. Table. | ||
| 590 | _aKA | ||
| 651 | 4 | _aEast Midlands (England) | |
| 690 | _aPROPERTY-COMMERCIAL PROPERTY-COMMERCIAL PROPERTY MARKET | ||
| 700 | 1 | _aGadsby, Peter | |
| 942 | _n0 | ||
| 999 |
_c81953 _d81953 |
||